书目信息 |
| 题名: |
国际战略形势分析
|
|
| 作者: | 杨毅 主编 ;国防大学 编 | |
| 分册: | 2006-2007 | |
| 出版信息: | 北京 时事出版社 2007 |
|
| 页数: | 314页 | |
| 开本: | 24cm | |
| 丛书名: | ||
| 单 册: | ||
| 中图分类: | D5 | |
| 科图分类: | ||
| 主题词: | 国际形势--分析--2006~2007 , 战略形势--分析--世界--2006~2007 , 战略形势 , 国际形势 | |
| 电子资源: | ||
| ISBN: | 978-7-80232-060-4 | |
| 000 | 00988nam0 2200289 450 | |
| 001 | 070730001181 | |
| 005 | 20071015110931.67 | |
| 010 | @a978-7-80232-060-4@dCNY42.00 | |
| 035 | @a003453834 | |
| 100 | @a20070327d2007 em y0chiy0110 ea | |
| 101 | 0 | @achi |
| 102 | @aCN@b110000 | |
| 105 | @ay z 000yy | |
| 200 | 1 | @a国际战略形势分析@Aguo ji zhan lve xing shi fen xi@h2006-2007@f杨毅主编@g国防大学战略研究所[编]@zeng |
| 210 | @a北京@c时事出版社@d2007 | |
| 215 | @a314页@d24cm | |
| 304 | @a英文共同题名:International strategic analysis | |
| 330 | @a本书内容:朝核危机与东北亚战略形势、东南亚战略形势、南亚战略形势、上海合作组织的发展与中亚战略形势、中东地区战略形势等。 | |
| 606 | 0 | @a国际形势@x分析@z2006~2007 |
| 606 | 0 | @a战略形势@x分析@y世界@z2006~2007 |
| 606 | 0 | @a战略形势 |
| 606 | 0 | @a国际形势 |
| 690 | @aD5@v4 | |
| 701 | 0 | @a杨毅@Ayang yi@c(国际政治)@4主编 |
| 712 | 02 | @a国防大学@Aguo fang da xue@b战略研究所@4编 |
| 801 | 0 | @aCN@c20071015 |
| 905 | @dD5@eY313 | |
| 国际战略形势分析.2006-2007/杨毅主编/国防大学战略研究所[编].-北京:时事出版社,2007 |
| 314页;24cm |
| ISBN 978-7-80232-060-4:CNY42.00 |
| 本书内容:朝核危机与东北亚战略形势、东南亚战略形势、南亚战略形势、上海合作组织的发展与中亚战略形势、中东地区战略形势等。 |
| ● |
| 相关链接 |
|
|
|
正题名:国际战略形势分析
索取号:D5/Y313
 
预约/预借
| 序号 | 登录号 | 条形码 | 馆藏地/架位号 | 状态 | 备注 |
| 1 | 652694 | 206526945 | 社科库509/509社科库 71排1列2层/ [索取号:D5/Y313] | 在馆 | |
| 2 | 652695 | 206526954 | 社科库509/509社科库 71排1列2层/ [索取号:D5/Y313] | 在馆 | |
| 3 | 652696 | 206526963 | 社科库509/509社科库 71排1列2层/ [索取号:D5/Y313] | 在馆 |